Warm Blooded Animals - Sudden Death - Statistics

General Stats
  • This quiz has been taken 81 times
  • The average score is 14 of 20
Answers on the Grid
Answers color-coded by a green-red scale on the quiz's grid according to % correct below.
Aardvark
Axolotl
Box Turtle
Capybara
Colossal Squid
Crocodile
Dodo
Dogfish
Dolphin
Eel
Emperor Penguin
Honey Badger
Human
Hummingbird
Kingfisher
Koala Bear
Mudskipper
Naked Mole Rat
Octopus
Orca
Pangolin
Parrot
Pelican
Platypus
Python
Rhinoceros
Scorpion
Sea Cow
Skink
Skunk
Tarantula
Trilobite
Urchin
Vampire Bat
Water Bear
Whale Shark
 
Answer Stats
Answer % Correct
Aardvark
86%
Human
86%
Capybara
84%
Koala Bear
84%
Dolphin
82%
Honey Badger
80%
Rhinoceros
77%
Naked Mole Rat
68%
Emperor Penguin
66%
Dodo
64%
Platypus
64%
Orca
63%
Pangolin
63%
Pelican
63%
Skunk
63%
Hummingbird
61%
Sea Cow
61%
Vampire Bat
61%
Parrot
59%
Kingfisher
54%
No matching quizzes found
Score Distribution
Percent of People with Each Score
Percentile by Number Answered
Your Score History
You have not taken this quiz